Normal view
MARC view
Entry Personal Name
001 - CONTROL NUMBER
- control field: 40618
003 - CONTROL NUMBER IDENTIFIER
- control field: dpl
005 - DATE AND TIME OF LATEST TRANSACTION
- control field: 20120202152846.0
008 - FIXED-LENGTH DATA ELEMENTS
- fixed length control field: 120202|||a|||||| | ||| d
040 ## - CATALOGING SOURCE
- Original cataloging agency: dpl
- Transcribing agency: dpl
100 ## - HEADING--PERSONAL NAME
- Personal name: Tyagi, Jaya
670 ## - SOURCE DATA FOUND
- Source citation: Work cat.: (dpl)61114: Tyagi, Jaya, Engendering the early household :, 2008
670 ## - SOURCE DATA FOUND
- Source citation: Work cat.: (dpl)61114: Tyagi, Jaya, Engendering the early household :, 2008
